00787nam a2200181 4500001000700000003000900007005001700016007000300033008004100036100004100077245018000118260005900298300004000357700003600397852003200433999001900465952012100484107617ES-MaACL20230906184445.0t|061121s1957 sp r ||||1| cat d1 aMoscardó Cervera, Federico.98374110aBiografies dels Reis de Valencia b: d'en Jaime I el Conqueridor fins en Ferran II el Catolic / cpor Mossén Frederic Moscardo i Cervera; próleg de Josep Cano i Marqués. aValencia : b[s.n], c1957 (fImp.Sucs. de Vives Mora) a207 p., 13 lám : bil. ; c17 cm.1 aCano i Marqués, Josep.934551 aES-MaACLjC-13986 bR.41766 c107617d107617 00104070aATENEOMbATENEOMcSPALd2008-01-17eSCl0oC-13986p1112311r2023-02-23 00:00:00w2023-02-23yMONOGRAFIA